La responsabilidad civil de la Administración pública / (Record no. 90568)

MARC details
000 -LEADER
campo de control de longitud fija 00554nam a2200169 i 4500
001 - NÚMERO DE CONTROL
campo de control 90568
003 - IDENTIFICADOR DE NÚMERO DE CONTROL
campo de control ES-MaACL
005 - FECHA Y HORA DE LA ÚLTIMA TRANSACCIÓN
campo de control 20230906180501.0
007 - CAMPO FIJO DE DESCRIPCIÓN FÍSICA--INFORMACIÓN GENERAL
campo de control de longitud fija t|
008 - DATOS DE LONGITUD FIJA--INFORMACIÓN GENERAL
campo de control de longitud fija 050121s1970 sp ||||1| spa d
100 1# - ENTRADA PRINCIPAL--NOMBRE DE PERSONA
Nombre de persona Leguina Villa, Jesús.
9 (RLIN) 71314
245 13 - MENCIÓN DEL TÍTULO
Título La responsabilidad civil de la Administración pública /
Mención de responsabilidad, etc. Jesús Leguina Villa ; prólogo de Eduardo García de Enterría.
260 ## - PUBLICACIÓN, DISTRIBUCIÓN, ETC.
Lugar de publicación, distribución, etc. Madrid :
Nombre del editor, distribuidor, etc. Tecnos,
Fecha de publicación, distribución, etc. [1970]
300 ## - DESCRIPCIÓN FÍSICA
Extensión 300 p. ;
Dimensiones 22 cm.
700 1# - ENTRADA AGREGADA--NOMBRE PERSONAL
Nombre de persona García de Enterría, Eduardo.
9 (RLIN) 54425
852 ## - LOCALIZACIÓN
Ubicación ES-MaACL
Número de control de estantería C-38589
Sublocalización o colección R.74735
Holdings
Estatus retirado Estado de pérdida Estado de daño No para préstamo Biblioteca de origen Biblioteca actual Ubicación en estantería Fecha de adquisición Fuente de adquisición Total de préstamos Signatura topográfica completa Código de barras Visto por última vez Precio de reemplazo Tipo de ítem Koha
        Biblioteca del Ateneo de Madrid Biblioteca del Ateneo de Madrid Depósito 2 17/01/2008     C-38589 1094573 23/02/2023 23/02/2023 Libro impreso